All Poison-Type Pokémon moves (SV) - Statistics

General Stats
  • This quiz has been taken 97 times
  • The average score is 24 of 35
Answer Stats
Gen Category Base Power Description Answer % Correct
I Special 40 Opposing Pokémon are attacked with a spray of harsh acid. This may also lower their Sp. Def stats. Acid
98%
I Special 65 The user hurls unsanitary sludge at the target to inflict damage. This may also poison the target. Sludge
97%
II Special 90 The user hurls unsanitary sludge at the target to inflict damage. This may also poison the target. Sludge Bomb
95%
I Status - A move that leaves the target badly poisoned. Its poison damage worsens every turn. Toxic
95%
III Physical 50 The user bites the target with toxic fangs. This may also leave the target badly poisoned. Poison Fang
93%
III Physical 50 The user hits the target with its tail. This move has a heightened chance of landing a critical hit and may also poison the target. Poison Tail
93%
I Physical 15 The user stabs the target with a poisonous stinger to inflict damage. This may also poison the target. Poison Sting
91%
IV Status - The user lays a trap of poison spikes at the feet of the opposing team. The spikes will poison opposing Pokémon that switch into battle. Toxic Spikes
91%
V Special 95 The user strikes everything around it by swamping the area with a giant sludge wave. This may also poison those it hits. Sludge Wave
88%
I Status - The user alters its cellular structure to liquefy itself, sharply boosting its Defense stat. Acid Armor
86%
I Status - A cloud of poison gas is sprayed in the faces of opposing Pokémon, poisoning those it hits. Poison Gas
84%
VI Special 120 The user lets out a damaging belch at the target. The user must eat a held Berry to use this move. Belch
83%
IV Physical 120 The user shoots filthy garbage at the target to attack. This may also poison the target. Gunk Shot
83%
IV Physical 80 The target is stabbed with a tentacle, an arm, or the like steeped in poison. This may also poison the target. Poison Jab
83%
V Status - The user coils up and concentrates. This boosts its Attack and Defense stats as well as its accuracy. Coil
81%
I Status - The user scatters a cloud of poisonous dust that poisons the target. Poison Powder
78%
V Special 65 The user drenches the target in a special poisonous liquid. This move's power is doubled if the target is poisoned. Venoshock
72%
V Special 40 The user attacks by spitting fluid that works to melt the target. This also harshly lowers the target's Sp. Def stat. Acid Spray
69%
VI Status - Opposing Pokémon are drenched in an odd poisonous liquid. This lowers the Attack, Sp. Atk, and Speed stats of a poisoned target. Venom Drench
67%
IV Physical 70 A slashing attack with a poisonous blade that may also poison the target. This move has a heightened chance of landing a critical hit. Cross Poison
66%
I Special 30 The target is attacked with a discharge of filthy gases. This may also poison the target. Smog
66%
VII Status - The user shoots poisonous threads to poison the target and lower the target's Speed stat. Toxic Thread
66%
VII Status - In addition to protecting the user from attacks, this move also poisons any attacker that makes direct contact. Baneful Bunker
64%
IV Status - The user hurls up its stomach acids on the target. The fluid eliminates the effect of the target's Ability. Gastro Acid
55%
VIII Physical 80 The user lashes out at the target with ruinous claws, aiming to land a critical hit. This may also leave the target poisoned, paralyzed, or asleep. Dire Claw
53%
VII Physical/Special - The user creates a poisonous swamp using its Z-Power and sinks the target into it at full force. The power varies, depending on the original move. Acid Downpour
52%
VIII Physical/Special - This is a Poison-type attack Dynamax Pokémon use. This boosts ally Pokémon's Sp. Atk stats. Max Ooze
48%
V Special 50 The user attacks the target by throwing a clump of special mud. All stat changes are eliminated. Clear Smog
47%
IX Physical 30 The user performs a spin attack that can also eliminate the effects of such moves as Bind, Wrap, and Leech Seed. This also poisons opposing Pokémon. Mortal Spin
45%
VIII Physical 60 The user launches countless toxic barbs to inflict damage. This may also poison the target. This move’s power is doubled if the target is already poisoned. Barb Barrage
41%
IX Physical 100 This move is only used by a Starmobile. It may poison the opponent. Noxious Torque
40%
VIII Special 90 This move is either physical or special—whichever will inflict more damage. This may also poison the target. Shell Side Arm
40%
VIII Status - The user surrounds everything around it with highly acidic gas and melts away items held by other Pokémon. Corrosive Gas
34%
VII Status - The user cures the target's status condition. If the move succeeds, it also restores the user's own HP. Purify
33%
VIII Physical/Special - A Poison-type attack that Gigantamax Garbodor use. This move poisons opponents. G.Max Malodor
26%
No matching quizzes found
Score Distribution
Percent of People with Each Score
Percentile by Number Answered
Your Score History
You have not taken this quiz